Statistics for Band Names Word Puzzles

Click here to take the quiz!

General Stats

  • This quiz has been taken 563 times
  • The average score is 14 of 33

Answer Stats

Hint Answer % Correct
Egyptian solar deityRa
85%
Above the neckHead
84%
Dermatologist's territorySkin
80%
Kristen Bell in FrozenAnna
74%
A drop of golden sunRay
73%
Theatrical eventPlay
60%
Band name #3Radiohead
59%
Ronnie James surnameDio
59%
Female broSis
56%
Quill replacementPen
53%
Cell that transmits feelingNerve
52%
Johnny Galecki on Big Bang TheoryLeonard
52%
Carbon fuelCoal
49%
Band name #1Nirvana
48%
Distinct train unitCar
46%
Talking horseEd
45%
867-5309 ownerJenny
44%
Band name #5Coldplay
42%
Teen speak for "No kidding!"Duh
40%
Band name #6Genesis
36%
Laundry choreFold
36%
Happy Days insultNerd
33%
Band name #8Carpenters
32%
Band name #2Lynyrd Skynyrd
29%
Band name #7Ramones
28%
Sounds of pain or pleasureMoans
28%
River crossingFord
25%
Pithy and conciseTerse
25%
Multiple mmm-BopsHansons
15%
Hearty fall flowerMum
10%
Band name #9Mumford and Sons
7%
Cheesy activityGrate
6%
Band name #4Grateful Dead
5%

Score Distribution

Percentile by Number Answered

Percent of People with Each Score

Your Score History

You have not taken this quiz